000 00551 a2200181 4500
999 _c4398
_d4398
020 _a0534206958
050 _aKF899 JEN 1994
100 _aJennings, Marianne Moody
_eauthor
245 _aBusiness:
_bIts legal, ethical and global environment /
_cMarianne Moody Jennings
250 _a3rd ed.
264 _aBelmont
_bWadsworth
_c1994
300 _axxiii, 941p. :
500 _aBusiness ethics
650 _aIntroduction to law
650 _aThe Judicial system
650 _aLawsuits and dispute resolution
942 _2lcc
_cBK
_e3rd ed.
_h899
_iJEN
_kKF